| 000 | 00908nam a2200205Ia 4500 | ||
|---|---|---|---|
| 999 |
_c40309 _d40309 |
||
| 001 | 6917 | ||
| 003 | GE_BSU | ||
| 005 | 20200213140456.0 | ||
| 008 | 181216s1973||||g |||||||||||||| ||geo|| | ||
| 040 | _cGE_BSU | ||
| 041 | _ageo | ||
| 080 | _a821.353.1+398(479.22) ყ-83 | ||
| 100 |
_aყრუვ, გიორგი. _97056 |
||
| 245 |
_aკაფიები / _bწიგნი შეადგინა, წინასიტყვაობა და შენიშვნები დაურთო ლევან ბოძაშვილმა ; რედ. ბესიკ ხარანაული. |
||
| 264 |
_aთბილისი : _bსაბჭ.საქართველო, _c1973. |
||
| 300 |
_a287 გვ. : _bილ. ; _c16 სმ. |
||
| 653 | _aკაფიები | ||
| 700 |
_aხარანაული, ბესიკ _eრედაქტორი _97057 |
||
| 942 |
_cBK _2udc |
||